Inter-American Review of Bibliography = Revista interamericana de bibliografía /

En esta publicación trimestral se presentan bibliografías ordenadas por las distintas áreas del conocimiento. En cada número vienen además de las breves reseñas de las novedades editoriales, ensayos dedicados a Brasil; a Joseph Sabin, un bibliógrafo; a John Dewey; al Teatro argentino y a Felipe Pard...

Celý popis

Uloženo v:
Podrobná bibliografie
Další autoři: Malagón, Javier (edición) (edición)
Médium: Kniha
Jazyk:španělština
Vydáno: Washington, EUA : Inter-American Review of Bibliography, 1962
Témata:
Tagy: Přidat tag
Žádné tagy, Buďte první, kdo vytvoří štítek k tomuto záznamu!

MARC

LEADER 00000nam^a2200000^a^4500
001 000112046
005 20250521000000.0
009 20260310093855.045
037 |a Acervo ITESO - Biblioteca 
041 |a ESP 
082 |a 050.  |b INT 1962 V. 12 T. 1-2 
240 1 1 |a [Inter-American Review of Bibliography] 
240 1 1 |a [Revista interamericana de bibliografía] 
245 1 0 |a Inter-American Review of Bibliography =  |b Revista interamericana de bibliografía /  |c ed. de J. Malagón. 
264 1 |a Washington, EUA :  |b Inter-American Review of Bibliography,  |c 1962 
300 |a 237 p. 
336 |a texto  |b txt  |2 rdacontenido 
337 |a sin mediación  |b n  |2 rdamedio 
338 |a volumen  |b nc  |2 rdasoporte 
520 |a En esta publicación trimestral se presentan bibliografías ordenadas por las distintas áreas del conocimiento. En cada número vienen además de las breves reseñas de las novedades editoriales, ensayos dedicados a Brasil; a Joseph Sabin, un bibliógrafo; a John Dewey; al Teatro argentino y a Felipe Pardo y Aliaga. 
546 |a Edición trilingüe español-francés-inglés 
649 |a XX 
650 |a Bibliografías 
650 |a Economía -  |x Bibliografías 
650 |a Educación -  |x Bibliografías 
650 |a Geografía -  |x Bibliografías 
650 |a Historia -  |x Bibliografías 
650 |a Derecho -  |x Bibliografías 
650 |a Literatura -  |x Bibliografías 
650 |a Política -  |x Bibliografías 
650 |a Religión -  |x Bibliografías 
650 |a Sociología -  |x Bibliografías 
650 |a Antropología -  |x Bibliografías 
650 |a Teatro Argentino 
650 |a Literatura Argentina 
650 |a Pardo y Aliaga, Felipe 
700 |a Malagón, Javier  |e (edición) 
910 |a Fondo Salvador Reynoso Reynoso 
920 |a Impresos - Libros 
930 |a Fondos Especiales 
905 |a 112 
901 |a 0800001409  |b IT2  |c ESP  |u 20250521 
902 |a https://opac.biblio.iteso.mx/vufind/Record/000112046